Places You Can Spell Using the Periodic Table - Statistics

General Stats
  • This quiz has been taken 22 times
  • The average score is 12 of 14
Answer Stats
Hint Answer % Correct
Argon, Germanium, Nitrogen, Titanium, Sodium Argentina
95%
Astatine, Lanthanum, Nitrogen, Tantalum Atlanta
95%
Carbon, Hydrogen, Iodine, Sodium China
95%
Iodine, Radium, Nitrogen Iran
90%
Molybdenum, Sodium, Cobalt Monaco
90%
Oxygen, Hydrogen, Iodine, Oxygen Ohio
90%
Silicon, Nitrogen, Gallium, Polonium, Rhenium Singapore
90%
Uranium, Tantalum, Hydrogen Utah
90%
Iodine, Rhenium, Lanthanum, Neodymium Ireland
85%
Molybdenum, Nitrogen, Tantalum, Sodium Montana
85%
Neon, Phosphorus, Aluminum Nepal
85%
Protactinium, Potassium, Iodine, Sulfur, Tantalum, Nitrogen Pakistan
80%
Phosphorus, Aluminum, Einsteinium, Titanium, Neon Palestine
80%
Vanadium, Astatine, Iodine, Calcium, Nitrogen Vatican
80%
No matching quizzes found
Score Distribution
Percent of People with Each Score
Percentile by Number Answered
Your Score History
You have not taken this quiz